| 000 | 00498nam a2200169Ia 4500 | ||
|---|---|---|---|
| 999 |
_c306 _d306 |
||
| 003 | OSt | ||
| 005 | 20210826130837.0 | ||
| 008 | 190216s9999||||xx |||||||||||||| ||und|| | ||
| 040 | _coclc | ||
| 082 |
_a297.1225 _bIBR/I |
||
| 100 |
_aIbrahim, P _92033 |
||
| 245 | 0 |
_aIrshad Ul Khairan : _bLi Marifal Aya Al Quran / _cIbrahim P |
|
| 260 |
_bOxonian Press Private Limited , _aNew Delhi: |
||
| 300 | _a517p | ||
| 650 | _aArabic | ||
| 942 |
_cBK _2ddc _h297.1225 _iIBR/I _k297.1225 _mIBR/I |
||